000
00311nam a2200109Ia 4500
008
200302s9999 xx 000 0 und d
100
_a
The Energy and Resources Institute
245
_a
Sustainable Building Design Manual Volume 2
260
_b
The Energy and Resources Institute
260
_c
2004
300
_a
301 P
999
_c
4308
_d
4308